Zhodnotenie ekonomickej efektívnosti poľnohospodárskej výroby podľa právnych foriem hospodárenia
Hodnotenie ekonomickej efektívnosti odvetvia poľnohospodárstva ako celku, jeho právnych foriem a výrobkových odvetví v období rokov 2007-2009. Úspešnosť, resp. neúspešnosť právnych foriem podnikania závisí od aktivity manažmentu podnikov a marketingu, ale aj od optimálnej štruktúry výroby a obnovy m...
Uložené v:
| Hlavný autor: | |
|---|---|
| Ďalší autori: | , |
| Médium: | Kapitola |
| Jazyk: | Slovak |
| Predmet: | |
| Tagy: |
Žiadne tagy, Buďte prvý, kto otaguje tento záznam!
|
MARC
| LEADER | 00000naa a2200000 4500 | ||
|---|---|---|---|
| 001 | 0130397 | ||
| 005 | 20231018092532.7 | ||
| 041 | 0 | |a slo | |
| 044 | |a SK | ||
| 245 | 1 | 0 | |a Zhodnotenie ekonomickej efektívnosti poľnohospodárskej výroby podľa právnych foriem hospodárenia |c Zuzana Chrastinová, Viera Burianová, Anna Trubačová |
| 520 | |a Hodnotenie ekonomickej efektívnosti odvetvia poľnohospodárstva ako celku, jeho právnych foriem a výrobkových odvetví v období rokov 2007-2009. Úspešnosť, resp. neúspešnosť právnych foriem podnikania závisí od aktivity manažmentu podnikov a marketingu, ale aj od optimálnej štruktúry výroby a obnovy majetku. Pretrvávajúca diferenciácia poľnohospodárskych podnikov v sledovanom období. | ||
| 610 | 2 | 0 | |a podnik poľnohospodársky |
| 610 | 2 | 0 | |a efektívnosť ekonomická |
| 610 | 2 | 0 | |a Slovensko |
| 100 | 1 | |a Chrastinová, Zuzana | |
| 700 | 1 | |a Burianová, Viera | |
| 700 | 1 | |a Trubačová, Anna | |